Construccion de los modulos basicos de un controlador automatico

Bewaard in:
Bibliografische gegevens
Hoofdauteur: Herra Luna, Gustavo Adolfo
Formaat: Thesis Boek
Taal:Undetermined
Gepubliceerd in: 1985
Onderwerpen:
Tags: Voeg label toe
Geen labels, Wees de eerste die dit record labelt!

MARC

LEADER 00000nam a2200000Ia 4500
001 2864
008 140114s9999 xx 000 0 und d
100 |a Herra Luna, Gustavo Adolfo 
245 |a Construccion de los modulos basicos de un controlador automatico 
260 |c 1985 
500 |a NULL 
502 |a Escuela de ingenieria Electrica 
650 |z CONTROLADOR AUTOMATICO 
999 |c 11646  |d 11646